UEFA Champions League 2017-18 Logos - Statistics

General Stats
  • This quiz has been taken 3,487 times
  • The average score is 25 of 32
Answer Stats
Team % Correct
Manchester United
93%
Paris Saint-Germain
93%
Juventus
92%
Liverpool FC
92%
Atletico Madrid
90%
Chelsea FC
90%
Real Madrid
90%
FC Barcelona
89%
Bayern Munich
88%
FC Porto
88%
Olympiacos
88%
Tottenham Hotspur
88%
Borussia Dortmund
87%
Sporting CP
87%
SSC Napoli
87%
Manchester City
85%
Sevilla FC
85%
AS Roma
84%
Celtic FC
84%
RB Leipzig
83%
SL Benfica
82%
AS Monaco
80%
Besiktas JK
72%
FC Basel
72%
Feyenoord
67%
RSC Anderlecht
67%
CSKA Moscow
61%
Spartak Moscow
52%
Shakhtar Donetsk
49%
APOEL
47%
Qarabag FK
36%
NK Maribor
26%
No matching quizzes found
Score Distribution
Percent of People with Each Score
Percentile by Number Answered
Your Score History
You have not taken this quiz